[Event "Ì17Â"]
[Site "Loo"]
[Date "2017.04.24"]
[Round "5.7"]
[White "Ìíàöàêàíÿí, Àðñåí."]
[Black "Àñòàôóðîâ, Àðñåíèé."]
[Result "0-1"]
[WhiteElo "2274"]
[BlackElo "2163"]
[PlyCount "100"]
[EventDate "2017.04.20"]

1. e4 e6 2. d4 d5 3. Nd2 Be7 4. Ngf3 Nf6 5. Bd3 c5 6. dxc5 dxe4 7. Nxe4 Nxe4 8.
Bxe4 Qxd1+ 9. Kxd1 Bxc5 10. Ke2 Nd7 11. Rd1 Nf6 12. Bg5 Bd7 13. Bxf6 gxf6 14.
c3 f5 15. Bd3 f6 16. b4 Bb6 17. c4 e5 18. c5 Bc7 19. Bc4 Ke7 20. Nd2 h5 21. h3
Rhd8 22. Nf3 Be6 23. Bb3 a6 24. Bxe6 Kxe6 25. Ne1 e4 26. f3 Be5 27. Rab1 Rxd1
28. Kxd1 Rd8+ 29. Ke2 Rd4 30. a3 Rc4 31. Kd1 Rc3 32. b5 Rxa3 33. bxa6 bxa6 34.
Nc2 Rd3+ 35. Ke2 Bf4 36. fxe4 Rd2+ 37. Kf3 Ke5 38. exf5 Rxc2 39. Rb6 Rc3+ 40.
Kf2 Kxf5 41. Rxa6 Bg3+ 42. Ke2 Rxc5 43. Ra3 h4 44. Rf3+ Bf4 45. Ra3 Rc2+ 46.
Kf3 Be5 47. Ra4 Rc3+ 48. Kf2 Bg3+ 49. Kf1 Rc1+ 50. Ke2 Rg1 0-1

[Event "Ì17Â"]
[Site "Loo"]
[Date "2017.04.24"]
[Round "5.8"]
[White "Ëîáàíîâ, Ñåðãåé."]
[Black "Ãåéâîíäÿí, Àðñåí."]
[Result "1-0"]
[WhiteElo "2429"]
[BlackElo "1945"]
[PlyCount "69"]
[EventDate "2017.04.20"]

1. e4 e6 2. d4 d5 3. Nc3 Bb4 4. e5 Qd7 5. a3 Bxc3+ 6. bxc3 b6 7. a4 Ne7 8. Qg4
O-O 9. Bd3 Ba6 10. Bh6 Ng6 11. Bg5 Bxd3 12. cxd3 Ne7 13. h4 Nf5 14. Nf3 c5 15.
h5 h6 16. Bd2 cxd4 17. Nxd4 Nc6 18. Nxc6 Qxc6 19. O-O Qc7 20. Rfe1 Rfd8 21. Qh3
Kh7 22. g4 Ne7 23. f4 b5 24. axb5 Qc5+ 25. d4 Qxb5 26. f5 exf5 27. gxf5 Qd7 28.
Rf1 Rab8 29. e6 fxe6 30. fxe6 Qb5 31. Rxa7 Re8 32. Qe3 Rf8 33. Rf7 Qb1+ 34. Kh2
Qd1 35. Qxh6+ 1-0

[Event "Ì17Â"]
[Site "Loo"]
[Date "2017.04.24"]
[Round "5.9"]
[White "Æèòíèêîâ, Êîíñòàíòèí."]
[Black "Ëåîíîâ, Îëåã."]
[Result "1-0"]
[WhiteElo "2262"]
[BlackElo "1835"]
[PlyCount "27"]
[EventDate "2017.04.20"]

1. e4 c5 2. Nf3 e6 3. c3 d5 4. exd5 Qxd5 5. d4 Nc6 6. Na3 a6 7. Nc4 Qd8 8. Be3
b5 9. Nce5 Nxe5 10. Nxe5 cxd4 11. Bxd4 Bb7 12. a4 bxa4 13. Qxa4+ Ke7 14. Bc5+
1-0

[Event "Ì17Â"]
[Site "Loo"]
[Date "2017.04.24"]
[Round "5.10"]
[White "Øèíêåâè÷, Ìàêñèì."]
[Black "Ôàõðåòäèíîâ, Ðèíàò."]
[Result "0-1"]
[WhiteElo "2020"]
[BlackElo "2248"]
[PlyCount "44"]
[EventDate "2017.04.20"]

1. d4 Nf6 2. c4 e6 3. Nf3 b6 4. a3 Bb7 5. Nc3 d5 6. cxd5 Nxd5 7. Qc2 Nxc3 8.
bxc3 Be7 9. e4 O-O 10. Bd3 c5 11. O-O Nc6 12. Bb2 Na5 13. Qe2 Qc7 14. Rac1 Rad8
15. Qe3 f6 16. Nd2 Bd6 17. Qh3 Bf4 18. Rcd1 Bxd2 19. Qxe6+ Kh8 20. Rxd2 c4 21.
Qg4 cxd3 22. Rxd3 Ba6 0-1

[Event "Ì17Â"]
[Site "Loo"]
[Date "2017.04.24"]
[Round "5.11"]
[White "Àáðàìîâ, Íèêèòà."]
[Black "Øàíäðûãèí, Íèêèòà."]
[Result "1-0"]
[WhiteElo "2340"]
[BlackElo "2222"]
[PlyCount "43"]
[EventDate "2017.04.20"]

1. e4 c5 2. Nf3 e6 3. d4 cxd4 4. Nxd4 Nc6 5. Nb5 d6 6. c4 Nf6 7. N1c3 a6 8. Na3
Qc7 9. Be2 Be7 10. O-O O-O 11. Be3 Bd7 12. f3 b6 13. Rc1 Qb8 14. Qd2 Bd8 15. f4
Bc7 16. Bf3 Qd8 17. Rfe1 Rb8 18. Qe2 Ne7 19. g3 Bc6 20. Nc2 Bb7 21. Red1 Qc8
22. b4 {çàïèñü íåðàçáîð~~èâà} 1-0

[Event "Ì17Â"]
[Site "Loo"]
[Date "2017.04.24"]
[Round "5.12"]
[White "Ìåñíÿíêèí, Íèêèòà."]
[Black "Ãðèãîðüåâ, Èëüÿ."]
[Result "1/2-1/2"]
[WhiteElo "2204"]
[BlackElo "2309"]
[PlyCount "80"]
[EventDate "2017.04.20"]

1. e4 d5 2. exd5 Qxd5 3. Nf3 Bg4 4. Be2 Nc6 5. d4 O-O-O 6. Be3 e5 7. Nc3 Qa5 8.
Nxe5 Bxe2 9. Qxe2 Nxe5 10. dxe5 Qxe5 11. O-O Nf6 12. Qc4 Bd6 13. g3 Qh5 14. h4
Ng4 15. Bf4 Bxf4 16. Qxf4 f6 17. Rad1 Ne5 18. Kg2 Rhe8 19. Rfe1 Qg6 20. Nd5 Rd7
21. Qa4 Nc6 22. Rxe8+ Qxe8 23. Qg4 Ne5 24. Qf5 c6 25. Ne3 g6 26. Qxf6 Ng4 27.
Qf3 Nxe3+ 28. fxe3 Rxd1 29. Qxd1 Qxe3 30. Qf3 Qd2+ 31. Qf2 Qd5+ 32. Kh3 Qxa2
33. Qf8+ Kc7 34. Qg7+ Kb6 35. Qxh7 Qe6+ 36. g4 Qe3+ 37. Kg2 Qe4+ 38. Kg3 Qxc2
39. h5 Qd3+ 40. Kg2 Qe2+ 1/2-1/2

[Event "Ì17Â"]
[Site "Loo"]
[Date "2017.04.24"]
[Round "5.13"]
[White "Ðóäåíêî, Íàóì."]
[Black "Çàé÷èêîâ, Àíäðåé."]
[Result "1-0"]
[WhiteElo "2263"]
[BlackElo "2120"]
[PlyCount "97"]
[EventDate "2017.04.20"]

1. d4 Nf6 2. c4 g6 3. Nc3 Bg7 4. e4 d6 5. Nf3 O-O 6. h3 e5 7. d5 Na6 8. Bg5 Qe8
9. Be2 Nh5 10. Nd2 Nf4 11. Bf1 h6 12. Bh4 Nc5 13. Qc2 Ncd3+ 14. Kd1 Nb4 15. Qa4
Qxa4+ 16. Nxa4 Bd7 17. Nc3 a5 18. a3 Nbd3 19. Kc2 Nc5 20. b3 g5 21. Bg3 Nh5 22.
Bh2 f5 23. f3 fxe4 24. Ncxe4 Bf5 25. g4 Bxe4+ 26. fxe4 Nf4 27. Bg1 Nd7 28. Be3
c6 29. Rd1 Bf6 30. Nb1 cxd5 31. cxd5 Rac8+ 32. Kb2 Bd8 33. Nc3 Bb6 34. Bxb6
Nxb6 35. Rh2 Rf6 36. Bd3 Nd7 37. Bc2 Ng6 38. Nb5 Kf7 39. b4 axb4 40. axb4 Ke7
41. Ra1 Rc4 42. Bd3 Rc8 43. Ra7 Rf3 44. Be2 Re3 45. Rxb7 Nf4 46. Na7 Kd8 47.
Nxc8 Kxc8 48. Ba6 Nb8 49. Rc2+ 1-0

[Event "Ì17Â"]
[Site "Loo"]
[Date "2017.04.24"]
[Round "5.14"]
[White "Ñåëèâàíîâ, Èâàí."]
[Black "Ãóðüÿíîâ, Äàíèë."]
[Result "1/2-1/2"]
[WhiteElo "2259"]
[BlackElo "2116"]
[PlyCount "88"]
[EventDate "2017.04.20"]

1. e4 c5 2. Nf3 Nc6 3. d3 d6 4. g3 g6 5. Bg2 Bg7 6. O-O Nf6 7. h3 O-O 8. c3 Rb8
9. Re1 Ne8 10. Be3 e5 11. d4 cxd4 12. cxd4 exd4 13. Nxd4 Qf6 14. Nxc6 bxc6 15.
Bc1 Rxb2 16. Nd2 Rb5 17. Rb1 Rxb1 18. Nxb1 Qa1 19. Bg5 Qe5 20. Qc1 c5 21. Rd1
Bb7 22. Na3 Qe6 23. Qc4 Bd4 24. Rd2 Qxc4 25. Nxc4 f5 26. Bh6 Rf7 27. exf5 gxf5
28. Re2 Be4 29. Kh2 Rf6 30. Bf4 Re6 31. f3 Bd5 32. Rxe6 Bxe6 33. Bf1 Kg7 34. g4
fxg4 35. fxg4 Bxc4 36. Bxc4 Be5 37. Bxe5+ dxe5 38. Kg3 Nd6 39. Bd5 Kf6 40. h4
h6 41. Kf3 Nb5 42. Bc4 Nd6 43. Bd5 Nb5 44. Bc4 Nd6 1/2-1/2

[Event "Ì17Â"]
[Site "Loo"]
[Date "2017.04.24"]
[Round "5.15"]
[White "Ïàâëîâ, Äàíèëà."]
[Black "Ñóâîðîâ, Àëåêñàíäð."]
[Result "0-1"]
[WhiteElo "2253"]
[BlackElo "2107"]
[PlyCount "98"]
[EventDate "2017.04.20"]

1. e4 c5 2. Nf3 Nc6 3. d4 cxd4 4. Nxd4 Nf6 5. Nc3 e5 6. Ndb5 d6 7. Bg5 a6 8.
Na3 b5 9. Bxf6 gxf6 10. Nd5 f5 11. c3 Bg7 12. Nc2 fxe4 13. Nce3 O-O 14. g4 Ne7
15. Bg2 Be6 16. Bxe4 Nxd5 17. Bxd5 Rc8 18. h4 Rc5 19. Qd2 a5 20. g5 Kh8 21. Rg1
Bxd5 22. Nxd5 b4 23. O-O-O bxc3 24. Nxc3 e4 25. Rg3 d5 26. Kb1 Qb8 27. Ne2 Rfc8
28. Nd4 Rc2 29. Qxc2 Rxc2 30. Kxc2 Qf4 31. Rc3 Bxd4 32. Rxd4 Qxf2+ 33. Rd2 Qf5
34. Kb3 Qe6 35. h5 e3 36. Rd1 e2 37. Re1 d4+ 38. Rc4 d3 39. Kc3 Qxc4+ 40. Kxc4
d2 41. Rxe2 d1=Q 42. Re8+ Kg7 43. h6+ Kg6 44. Rg8+ Kf5 45. Rg7 Ke5 46. Kb5 Qd5+
47. Ka6 Kd6 48. Rg8 Kc7 49. b3 Qc5 0-1

[Event "Ì17Â"]
[Site "Loo"]
[Date "2017.04.24"]
[Round "5.16"]
[White "Àõòàðèåâ, Àíäðåé."]
[Black "Ìàð÷óê, Ðîñòèñëàâ."]
[Result "0-1"]
[WhiteElo "2008"]
[BlackElo "2187"]
[PlyCount "84"]
[EventDate "2017.04.20"]

1. e4 d6 2. d4 Nf6 3. Nc3 e5 4. Nf3 Nbd7 5. Bc4 Be7 6. O-O O-O 7. Re1 c6 8. a4
b6 9. Ba2 a6 10. h3 Rb8 11. Be3 b5 12. dxe5 dxe5 13. axb5 axb5 14. Ng5 Qc7 15.
Qd3 h6 16. Nf3 Rd8 17. Nd2 b4 18. Nd1 Nc5 19. Qe2 Ne6 20. f3 Nh5 21. Bxe6 Bxe6
22. g4 Nf4 23. Bxf4 exf4 24. Nf2 Bc5 25. Kg2 Be3 26. Nf1 Bd4 27. Nd1 c5 28. Nd2
c4 29. c3 bxc3 30. bxc3 Be5 31. Rb1 Ra8 32. Rb4 Ra2 33. Rb2 Rxb2 34. Nxb2 Bxc3
35. Nb1 Bxe1 36. Qxe1 c3 37. Nxc3 Rc8 38. Ncd1 Qc2+ 39. Kg1 Bb3 40. Qb4 Rd8 41.
Qb7 Qc5+ 42. Nf2 Qc1+ 0-1

[Event "Ì17Â"]
[Site "Loo"]
[Date "2017.04.24"]
[Round "5.17"]
[White "Ãîëèêîâ, Äàíèèë."]
[Black "Áîãäàíîâ, Íèêèòà."]
[Result "0-1"]
[WhiteElo "2175"]
[BlackElo "2073"]
[PlyCount "96"]
[EventDate "2017.04.20"]

1. d4 d5 2. c4 c6 3. Nf3 Nf6 4. Nc3 e6 5. e3 Nbd7 6. Bd3 dxc4 7. Bxc4 b5 8. Bd3
Bb7 9. O-O a6 10. e4 c5 11. d5 Qc7 12. dxe6 fxe6 13. Ne2 c4 14. Bc2 O-O-O 15.
Ng3 Ne5 16. Qe2 Nxf3+ 17. Qxf3 Bc5 18. Be3 Bxe3 19. Qxe3 h5 20. h3 h4 21. Ne2
g5 22. f3 Nh5 23. b3 Nf4 24. bxc4 Nxe2+ 25. Qxe2 Qxc4 26. Qxc4+ bxc4 27. Rfc1
Kb8 28. Bd1 Rd4 29. Be2 Rc8 30. Rc3 a5 31. Rb1 Rc5 32. a4 Ka7 33. Kf2 Bc6 34.
Ra1 Rd2 35. Ke3 Rb2 36. Rac1 Bxa4 37. Rxc4 Rxe2+ 38. Kxe2 Bb5 39. Kd3 Rxc4 40.
Rxc4 Bxc4+ 41. Kxc4 Ka6 42. Kb3 e5 43. Ka4 Kb6 44. Ka3 Kb5 45. Kb3 a4+ 46. Ka3
Ka5 47. Ka2 Kb4 48. Kb2 a3+ 0-1

[Event "Ì17Â"]
[Site "Loo"]
[Date "2017.04.24"]
[Round "5.18"]
[White "Ïðèâîðîòñêèé, Îëåã."]
[Black "Ãëóõîâ, Äìèòðèé."]
[Result "0-1"]
[WhiteElo "2164"]
[BlackElo "2028"]
[PlyCount "96"]
[EventDate "2017.04.20"]

1. e4 c5 2. Nf3 e6 3. c3 Nf6 4. e5 Nd5 5. d4 cxd4 6. cxd4 Nc6 7. Bc4 d6 8. O-O
Be7 9. Bd2 a6 10. a3 b5 11. Bd3 Qb6 12. Nc3 O-O 13. Be4 Nxc3 14. Bxc3 Bb7 15.
exd6 Bxd6 16. d5 Ne7 17. Ng5 f5 18. Bd4 Bxh2+ 19. Kxh2 Qd6+ 20. f4 fxe4 21. Qh5
h6 22. Nxe6 Rf7 23. Be5 Qd7 24. Nxg7 Rxg7 25. Bxg7 Kxg7 26. Qe5+ Kg8 27. Rac1
Nxd5 28. Rfd1 Re8 29. Rc7 Rxe5 30. Rxd7 Rh5+ 31. Kg3 Bc6 32. Rd6 Ne7 33. Kg4
Rc5 34. Rxh6 Kg7 35. Re6 Kf7 36. f5 Nxf5 37. Rxc6 Ne3+ 38. Kf4 Nxg2+ 39. Kg3
Rxc6 40. Kxg2 Ke6 41. b4 Ke5 42. Ra1 Rc2+ 43. Kg3 Kd4 44. a4 Rb2 45. axb5 axb5
46. Ra8 Rxb4 47. Kf4 Rc4 48. Rd8+ Kc3 0-1

[Event "Ì17Â"]
[Site "Loo"]
[Date "2017.04.24"]
[Round "5.19"]
[White "Ìåñòíèêîâ, Àéòàë."]
[Black "Òþðèí, Èëüÿ."]
[Result "1-0"]
[WhiteElo "2163"]
[BlackElo "2019"]
[PlyCount "79"]
[EventDate "2017.04.20"]

1. e4 c6 2. c4 d5 3. exd5 cxd5 4. cxd5 Nf6 5. Nc3 Nxd5 6. d4 Nc6 7. Nf3 e6 8.
Bc4 Nxc3 9. bxc3 Be7 10. O-O O-O 11. Re1 b6 12. Bf4 Bb7 13. Qe2 Na5 14. Bd3 Bf6
15. Ne5 g6 16. Qg4 Nc6 17. Rad1 Ne7 18. c4 Bg7 19. Bg5 Qd6 20. c5 Qc7 21. Bxe7
Qxe7 22. c6 Bc8 23. Qf3 Qc7 24. a4 a5 25. Bb5 Ba6 26. Nd7 Bxb5 27. axb5 Rfe8
28. Qg3 Qa7 29. Qd6 Rac8 30. d5 exd5 31. Rxe8+ Rxe8 32. c7 Rc8 33. Nxb6 Qxc7
34. Nxc8 Qxc8 35. b6 Bd4 36. h3 Bxf2+ 37. Kxf2 Qc2+ 38. Ke1 Qc3+ 39. Kf1 Qc2
40. Qxd5 1-0

[Event "Ì17Â"]
[Site "Loo"]
[Date "2017.04.24"]
[Round "5.20"]
[White "Ñìîð÷êîâ, Äàíèë."]
[Black "Çàõàðîâ, Íèêîëàé."]
[Result "1/2-1/2"]
[WhiteElo "2151"]
[BlackElo "1968"]
[PlyCount "121"]
[EventDate "2017.04.20"]

1. d4 d5 2. c4 c6 3. Nc3 Nf6 4. Nf3 a6 5. e3 b5 6. b3 Bg4 7. Be2 e6 8. O-O Bd6
9. Bb2 O-O 10. h3 Bh5 11. Re1 Nbd7 12. Rc1 Rc8 13. Nd2 Bxe2 14. Qxe2 Bb8 15. e4
dxe4 16. Ndxe4 Qc7 17. g3 b4 18. Na4 Nxe4 19. Qxe4 Qd6 20. Rcd1 Rce8 21. Ba1 f5
22. Qg2 Re7 23. f4 Nf6 24. Nc5 a5 25. Rd2 Ba7 26. Kh2 Rd8 27. Red1 Qc7 28. Bb2
Ree8 29. Qe2 Bxc5 30. dxc5 Ne4 31. Be5 Qc8 32. Rd6 Nxd6 33. cxd6 c5 34. g4 Qc6
35. Kg3 Rd7 36. Qd3 Qe4 37. Qxe4 fxe4 38. Re1 Kf7 39. Rxe4 Ra8 40. Re3 a4 41.
h4 axb3 42. axb3 Ra2 43. h5 Rd2 44. Kf3 Ra7 45. Ke4 Raa2 46. g5 g6 47. hxg6+
hxg6 48. Rh3 Re2+ 49. Kf3 Rf2+ 50. Kg3 Rg2+ 51. Kf3 Rh2 52. Kg3 Rhg2+ 53. Kf3
Rh2 54. Rg3 Rhf2+ 55. Ke3 Rae2+ 56. Kd3 Rd2+ 57. Ke3 Rfe2+ 58. Kf3 Rf2+ 59. Ke3
Rfe2+ 60. Kf3 Rf2+ 61. Ke3 1/2-1/2

[Event "Ì17Â"]
[Site "Loo"]
[Date "2017.04.24"]
[Round "5.21"]
[White "Ëèëîâ, Àëåêñàíäð."]
[Black "Ñòåïàíîâ, Àíäðåé."]
[Result "1-0"]
[WhiteElo "2088"]
[BlackElo "2147"]
[PlyCount "97"]
[EventDate "2017.04.20"]

1. e4 c5 2. Nf3 e6 3. d4 cxd4 4. Nxd4 Nc6 5. Nc3 a6 6. Be2 Qc7 7. O-O Nf6 8.
Bg5 Bd6 9. h3 Bb4 10. Nxc6 bxc6 11. Qd4 Be7 12. e5 Nd5 13. Bxe7 Nxe7 14. Ne4
O-O 15. Nd6 a5 16. Bd3 Ng6 17. Bxg6 fxg6 18. Rad1 Ba6 19. c4 Rab8 20. b3 Bb7
21. Qc5 Ba6 22. Ne4 Rf4 23. Rd4 Rf5 24. f4 Rd8 25. g4 Rff8 26. Kg2 Bb7 27. Kg3
Ba8 28. Rfd1 h6 29. h4 Kh7 30. Qd6 Qa7 31. Nc5 a4 32. b4 a3 33. R1d3 Qb6 34.
Rb3 Qa7 35. Ne4 c5 36. Qxc5 Qb7 37. Rxa3 Rc8 38. Qb5 Qc7 39. Qa5 Qb7 40. b5 d5
41. Nd6 Qe7 42. cxd5 Bxd5 43. Nxc8 Rxc8 44. Rc3 Ra8 45. Qc7 Qe8 46. a4 g5 47.
hxg5 Rxa4 48. Rxa4 Qxb5 49. Ra7 1-0

[Event "Ì17Â"]
[Site "Loo"]
[Date "2017.04.24"]
[Round "5.22"]
[White "Àðáóçîâ, Ìèõàèë."]
[Black "Êîíîíîâ, Âëàäèñëàâ."]
[Result "0-1"]
[WhiteElo "2048"]
[BlackElo "2092"]
[PlyCount "76"]
[EventDate "2017.04.20"]

1. c4 e5 2. Nc3 Bb4 3. e4 Nc6 4. g3 d6 5. Bg2 Nge7 6. Nge2 O-O 7. O-O Bc5 8. d3
Be6 9. Be3 Nd4 10. Bxd4 Bxd4 11. Nxd4 exd4 12. Ne2 c5 13. Nf4 Qd7 14. Qe2 Rae8
15. Rae1 b6 16. a3 a6 17. Nxe6 Qxe6 18. f4 f5 19. Bh3 Qg6 20. exf5 Nxf5 21.
Bxf5 Qxf5 22. Qxe8 Rxe8 23. Rxe8+ Kf7 24. Re4 d5 25. Re5 Qxd3 26. cxd5 Qc4 27.
b3 Qc3 28. Rfe1 d3 29. g4 h6 30. Re7+ Kg8 31. Kf2 Qb2+ 32. Ke3 Qd4+ 33. Kd2 b5
34. R7e5 c4 35. bxc4 bxc4 36. R1e4 c3+ 37. Kd1 Qf2 38. Re8+ Kh7 0-1

[Event "Ì17Â"]
[Site "Loo"]
[Date "2017.04.24"]
[Round "5.23"]
[White "Áàáàíèí, Ãëåá."]
[Black "Òîêìàøîâ, Ìàêñèì."]
[Result "1-0"]
[WhiteElo "2054"]
[BlackElo "2067"]
[PlyCount "137"]
[EventDate "2017.04.20"]

1. e4 c6 2. d4 d5 3. Nc3 g6 4. Nf3 Bg7 5. Bf4 dxe4 6. Nxe4 Nf6 7. Nxf6+ Bxf6 8.
Bc4 O-O 9. O-O Nd7 10. Re1 Nb6 11. Bb3 Nd5 12. Bh6 Re8 13. Ne5 Be6 14. c3 Bg7
15. Qd2 Qc8 16. Rad1 b5 17. Nd3 Nc7 18. Bxe6 Nxe6 19. Bxg7 Kxg7 20. Re5 Nf8 21.
Rde1 e6 22. Nc5 Nd7 23. Nxd7 Qxd7 24. Qe3 Rad8 25. h4 b4 26. h5 Qd6 27. h6+ Kg8
28. Qf3 Qf8 29. Qf4 bxc3 30. bxc3 Rb8 31. Ra5 Rb7 32. Ra6 Rc8 33. g4 Qe7 34.
Qe5 Qf8 35. g5 Rb5 36. Qg3 Qe7 37. Re5 Rb1+ 38. Kg2 Qb7 39. Qd3 c5+ 40. Qe4
Qxa6 41. Qxb1 cxd4 42. cxd4 Qc6+ 43. Kg1 Qf3 44. Rc5 Rf8 45. Qc1 Qg4+ 46. Kf1
Qh3+ 47. Ke2 Qg4+ 48. f3 Qg2+ 49. Ke3 Qg3 50. Re5 Rd8 51. a4 a5 52. Rxa5 f6 53.
gxf6 g5 54. f7+ Kxf7 55. Ke4 Qd6 56. Qe3 Qc7 57. Rc5 Qh2 58. Qxg5 Qe2+ 59. Qe3
Qh2 60. a5 Qh1 61. Rb5 Rd5 62. Rxd5 exd5+ 63. Kxd5 Qh5+ 64. Qe5 Qxf3+ 65. Kd6
Qa3+ 66. Qc5 Qg3+ 67. Kc6 Qg6+ 68. Kb7 Qb1+ 69. Kc8 1-0

[Event "Ì17Â"]
[Site "Loo"]
[Date "2017.04.24"]
[Round "5.24"]
[White "Èâàíîâ, Êèðèëë."]
[Black "Âîéíèêîíèñ, Íèêèòà."]
[Result "0-1"]
[WhiteElo "1943"]
[BlackElo "2060"]
[PlyCount "98"]
[EventDate "2017.04.20"]

1. d4 g6 2. c4 Bg7 3. Nc3 d6 4. e4 e5 5. Nf3 Nc6 6. Bg5 f6 7. Be3 Bh6 8. Bxh6
Nxh6 9. Qd2 Nf7 10. Be2 Bg4 11. d5 Ne7 12. h3 Bd7 13. O-O f5 14. Ng5 Nxg5 15.
Qxg5 O-O 16. f4 exf4 17. Rxf4 Kg7 18. Raf1 h6 19. Qg3 g5 20. Bh5 Ng6 21. R4f2
f4 22. Qd3 Ne5 23. Qd4 Qf6 24. Ne2 Be8 25. Bxe8 Raxe8 26. Qc3 Nd7 27. Qc2 Nc5
28. Ng3 Qe5 29. Nf5+ Kh7 30. Ng3 a6 31. b4 Nd7 32. Nh5 Qxe4 33. Qc3 Qg6 34. g4
Re3 35. Qd4 Rd3 36. Qa7 Rxh3 37. Re1 Ne5 38. Qxb7 Rf7 39. Qc8 Rh4 40. Rxe5 dxe5
41. c5 Qb1+ 42. Rf1 Rh1+ 43. Kxh1 Qxf1+ 44. Kh2 Qe2+ 45. Kh1 Qd1+ 46. Kh2 Qxd5
47. Qxa6 Qd2+ 48. Kh3 Qe3+ 49. Kh2 Qf2+ 0-1

[Event "Ì17Â"]
[Site "Loo"]
[Date "2017.04.24"]
[Round "5.25"]
[White "Ñàêóëî, Äåíèñ."]
[Black "Åëèñååâ, Åãîð."]
[Result "1-0"]
[WhiteElo "2147"]
[BlackElo "1834"]
[PlyCount "119"]
[EventDate "2017.04.20"]

1. d4 e6 2. c4 b6 3. Nf3 Bb7 4. g3 Nf6 5. Bg2 c5 6. d5 exd5 7. Nh4 d6 8. Nc3
Be7 9. Nf5 O-O 10. Bg5 Nbd7 11. O-O Re8 12. Qd2 Rb8 13. Bxf6 Nxf6 14. Nxd5 Nxd5
15. Bxd5 Bxd5 16. Qxd5 Bf8 17. Qd3 Qf6 18. b3 Rbd8 19. Rad1 g6 20. Ne3 Bg7 21.
Nd5 Qe5 22. e3 Rd7 23. f4 Qe4 24. Qxe4 Rxe4 25. f5 Re5 26. f6 Bf8 27. Rf3 h5
28. Kf2 Bh6 29. Rg1 Kh7 30. h4 b5 31. Rc1 bxc4 32. bxc4 Rb7 33. Rc2 a5 34. Ke2
Rb8 35. Kd3 Rb7 36. Rff2 Re8 37. Rb2 Reb8 38. Rxb7 Rxb7 39. Kc2 Rb8 40. e4 Re8
41. Kd3 Rb8 42. Kc2 Re8 43. Re2 g5 44. Kb3 gxh4 45. gxh4 Rg8 46. Ka4 Rg4 47.
Kxa5 Rxh4 48. a4 Rh1 49. Ka6 h4 50. a5 h3 51. Kb7 h2 52. Kc6 Bf8 53. a6 Kg6 54.
a7 Ra1 55. Rg2+ Kh5 56. Rxh2+ Kg4 57. Kb7 Rb1+ 58. Nb6 Ra1 59. a8=Q Rxa8 60.
Kxa8 1-0

[Event "Ì17Â"]
[Site "Loo"]
[Date "2017.04.24"]
[Round "5.26"]
[White "Àíòîíÿí, Ãðàíò."]
[Black "Áîíäàðåíêî, Ìèøåëü."]
[Result "1/2-1/2"]
[WhiteElo "2059"]
[BlackElo "1858"]
[PlyCount "87"]
[EventDate "2017.04.20"]

1. e4 e5 2. Nf3 Nc6 3. Nc3 Nf6 4. Bb5 d6 5. d4 exd4 6. Nxd4 Bd7 7. Bxc6 bxc6 8.
Qf3 c5 9. Nf5 Bxf5 10. exf5 d5 11. Bg5 c6 12. O-O Qd6 13. Bxf6 Qxf6 14. Rfe1+
Be7 15. Qe2 Rc8 16. Rad1 Rc7 17. Qf3 O-O 18. b3 Bd6 19. Na4 Rd8 20. c4 d4 21.
Nb2 Re7 22. Rxe7 Qxe7 23. Nd3 Qd7 24. Re1 Re8 25. Re4 Rxe4 26. Qxe4 Qe7 27.
Qxe7 Bxe7 28. f4 f6 29. Kf2 Bd6 30. Kf3 Kf7 31. Ke4 a5 32. a3 Ke7 33. b4 axb4
34. axb4 cxb4 35. c5 Bc7 36. Nxb4 Kd7 37. g3 Ba5 38. Nc2 Bc3 39. Nxd4 Bxd4 40.
Kxd4 Kc7 41. Kc4 Kb7 42. Kb4 Ka7 43. g4 h6 44. h4 1/2-1/2

[Event "Ì17Â"]
[Site "Loo"]
[Date "2017.04.24"]
[Round "5.27"]
[White "×èæî, Àëåêñàíäð."]
[Black "Ñàðàòîâñêèé, Äìèòðèé."]
[Result "0-1"]
[WhiteElo "1962"]
[BlackElo "1929"]
[PlyCount "100"]
[EventDate "2017.04.20"]

1. d4 f5 2. g3 Nf6 3. Bg2 g6 4. Nh3 Bg7 5. Nf4 d6 6. Nc3 O-O 7. d5 Na6 8. Be3
Bd7 9. h4 Qe8 10. h5 c6 11. hxg6 hxg6 12. Qd2 Nc7 13. O-O-O Ng4 14. Bd4 Ne5 15.
Bxe5 dxe5 16. d6 exf4 17. dxe7 Rf7 18. Qxd7 Rxe7 19. Qd3 Ne6 20. gxf4 Nxf4 21.
Qc4+ Ne6 22. e3 Qf7 23. Bf1 Nf8 24. Rd6 Rd7 25. Rxd7 Nxd7 26. Qb4 b5 27. Bg2
Rc8 28. Rd1 Ne5 29. Qc5 Qf8 30. Qxf8+ Kxf8 31. Ne2 Nc4 32. Nf4 Ne5 33. Ne6+ Kf7
34. Nd4 Rd8 35. c3 Rd6 36. Kc2 Ke7 37. f4 Nc4 38. Re1 c5 39. Nxb5 Rd2+ 40. Kb3
Nxb2 41. Bc6 c4+ 42. Ka3 Bf8 43. Kb4 Nd3+ 44. Kxc4 Nxe1 45. Nxa7 Rxa2 46. Nb5
Re2 47. Kd4 Bg7+ 48. Kd5 Rxe3 49. c4 Nd3 50. c5 Nb4+ 0-1

[Event "Ì19"]
[Site "Loo"]
[Date "2017.04.24"]
[Round "5.1"]
[White "Ñìèðíîâ, Òèìîôåé."]
[Black "Åëåöêèé, Èâàí."]
[Result "1/2-1/2"]
[WhiteElo "2296"]
[BlackElo "2367"]
[PlyCount "33"]
[EventDate "2017.04.20"]

1. e4 c5 2. Nf3 d6 3. d4 cxd4 4. Nxd4 Nf6 5. Nc3 a6 6. Be2 e5 7. Nb3 Be7 8. O-O
O-O 9. Qd3 b6 10. Bg5 Bb7 11. Bxf6 Bxf6 12. Rfd1 Be7 13. Nd5 Bg5 14. Nc3 Be7
15. Nd5 Bg5 16. Nc3 Be7 17. Nd5 1/2-1/2

[Event "Ì19"]
[Site "Loo"]
[Date "2017.04.24"]
[Round "5.2"]
[White "Ìóðòàçèí, Áóëàò."]
[Black "Èíäæèåâ, Àëäàð."]
[Result "1-0"]
[WhiteElo "2406"]
[BlackElo "2050"]
[PlyCount "69"]
[EventDate "2017.04.20"]

1. d4 Nf6 2. c4 e6 3. Nc3 d5 4. cxd5 exd5 5. Bg5 Be7 6. e3 c6 7. Qc2 Nbd7 8.
Bd3 Nf8 9. Nf3 Ng6 10. O-O O-O 11. Rae1 Re8 12. Ne5 Nd7 13. Bxe7 Qxe7 14. f4
Ndxe5 15. fxe5 Be6 16. Rf3 Red8 17. Ref1 Rac8 18. Qf2 b6 19. a3 Rd7 20. Rg3 Rf8
21. Qf3 Qh4 22. Bxg6 hxg6 23. Rxg6 Rc8 24. Rg3 a6 25. Ne2 c5 26. Nf4 Bf5 27.
Nxd5 Rxd5 28. Qxf5 Rc7 29. Rh3 g6 30. Qf3 Qd8 31. Qf4 g5 32. Qf5 cxd4 33. Qh7+
Kf8 34. Rhf3 Rdd7 35. e6 1-0

[Event "Ì19"]
[Site "Loo"]
[Date "2017.04.24"]
[Round "5.3"]
[White "Îôèöåðüÿí, Áîðèñ."]
[Black "Ñàâåíêîâ, Êîíñòàíòèí."]
[Result "1-0"]
[WhiteElo "2371"]
[BlackElo "2324"]
[PlyCount "75"]
[EventDate "2017.04.20"]

1. d4 Nf6 2. c4 g6 3. Nc3 Bg7 4. e4 d6 5. Be2 O-O 6. Nf3 e5 7. O-O Nbd7 8. Qc2
Re8 9. Rd1 exd4 10. Nxd4 c6 11. Bg5 a6 12. Bf1 Qc7 13. Rac1 Ne5 14. Qd2 Qb6 15.
Kh1 Qa7 16. h3 b5 17. Bxf6 Bxf6 18. f4 Nxc4 19. Bxc4 bxc4 20. Nxc6 Qb7 21. Nd5
Bg7 22. Na5 Qb8 23. Rxc4 Be6 24. Rb4 Qd8 25. Nb6 Bf8 26. Nb7 Qb8 27. Nxa8 d5
28. Rb6 Qxa8 29. exd5 Qa7 30. Qf2 Rb8 31. dxe6 Rxb7 32. exf7+ Rxf7 33. Qe3 a5
34. Rd8 Re7 35. Qb3+ Kg7 36. Rdb8 a4 37. Qc3+ Kh6 38. f5 1-0

[Event "Ì19"]
[Site "Loo"]
[Date "2017.04.24"]
[Round "5.4"]
[White "Ðàäæàáîâ, Ðîäèîí."]
[Black "Ãàëü÷åíêî, Ìàòâåé."]
[Result "0-1"]
[WhiteElo "2302"]
[BlackElo "2346"]
[PlyCount "58"]
[EventDate "2017.04.20"]

1. e4 c6 2. Nc3 g6 3. d4 Bg7 4. Nf3 d6 5. Be2 Nd7 6. O-O Qc7 7. Be3 e5 8. Qd2
Ngf6 9. Bh6 O-O 10. Bxg7 Kxg7 11. Rad1 Re8 12. Rfe1 Nf8 13. h3 b5 14. Bf1 a6
15. Qe3 Ne6 16. g3 Bb7 17. Bg2 Rad8 18. Rd2 exd4 19. Nxd4 Nxd4 20. Qxd4 c5 21.
Qd3 d5 22. Qe2 d4 23. e5 Nd7 24. Bxb7 dxc3 25. Rxd7 Rxd7 26. Bxa6 Rxe5 27. Qf1
Rxe1 28. Qxe1 Qc6 29. Qxc3+ f6 0-1

[Event "Ì19"]
[Site "Loo"]
[Date "2017.04.24"]
[Round "5.5"]
[White "Àêìàëîâ, Äàíèèë."]
[Black "Îâ÷èííèêîâ, Âñåâîëîä."]
[Result "1-0"]
[WhiteElo "2286"]
[BlackElo "2319"]
[PlyCount "85"]
[EventDate "2017.04.20"]

1. d4 Nf6 2. Nf3 g6 3. Bg5 Bg7 4. Nbd2 d5 5. e3 O-O 6. c3 b6 7. Bd3 Bb7 8. a4
c5 9. a5 Nbd7 10. O-O Ne4 11. Bh4 h6 12. Qa4 a6 13. axb6 g5 14. Bg3 Nxg3 15.
fxg3 Nxb6 16. Qd1 Qd6 17. dxc5 Qxc5 18. Nd4 Bc8 19. Qe2 e5 20. Nf5 e4 21. Bxa6
Bxf5 22. Rxf5 Qd6 23. Rd1 Qe6 24. g4 Ra7 25. Nb3 Rfa8 26. Bb5 Ra2 27. Nd4 Qd6
28. Rdf1 R8a7 29. Be8 Qf8 30. Bxf7+ Rxf7 31. Rxf7 Qxf7 32. Rxf7 Kxf7 33. Qb5
Ra1+ 34. Kf2 Bxd4 35. exd4 e3+ 36. Kf3 Nc8 37. Qxd5+ Ke8 38. Kxe3 Ne7 39. Qd6
h5 40. b4 hxg4 41. Kd3 Ra2 42. Qg3 Rb2 43. Qxg4 1-0

[Event "Ì19"]
[Site "Loo"]
[Date "2017.04.24"]
[Round "5.6"]
[White "Àñêåðîâ, Ìàðàò."]
[Black "Àáåëãóçèí, Äèíàð."]
[Result "1-0"]
[WhiteElo "2213"]
[BlackElo "2406"]
[PlyCount "83"]
[EventDate "2017.04.20"]

1. d4 Nf6 2. c4 g6 3. Nf3 Bg7 4. g3 O-O 5. Bg2 d6 6. O-O c5 7. Nc3 Nc6 8. dxc5
dxc5 9. Bf4 Nd4 10. Be5 Ng4 11. Bxg7 Kxg7 12. Na4 Nxf3+ 13. exf3 Qxd1 14. Raxd1
Ne5 15. Rfe1 Kf6 16. Nxc5 Nxc4 17. Nd7+ Bxd7 18. Rxd7 e5 19. Rxb7 Rab8 20. Rxb8
Rxb8 21. b3 Nd2 22. Rc1 Rd8 23. Rc7 Nb1 24. Bf1 a5 25. Bc4 Nd2 26. Rxf7+ Kg5
27. Kg2 Nxc4 28. bxc4 Rd2 29. Rxh7 Rxa2 30. Ra7 a4 31. c5 Kf5 32. Ra6 a3 33. h4
e4 34. fxe4+ Kxe4 35. c6 Rc2 36. Rxa3 Rxc6 37. Ra5 Rb6 38. h5 gxh5 39. Rxh5 Rf6
40. f4 Re6 41. Re5+ Rxe5 42. fxe5 1-0